<?xml version="1.0" encoding="UTF-8"?>
<record
    xmlns:xsi="http://www.w3.org/2001/XMLSchema-instance"
    xsi:schemaLocation="http://www.loc.gov/MARC21/slim http://www.loc.gov/standards/marcxml/schema/MARC21slim.xsd"
    xmlns="http://www.loc.gov/MARC21/slim">

  <leader>01056nam a22002657a 4500</leader>
  <controlfield tag="003">BD-DhSAU</controlfield>
  <controlfield tag="005">20251111163246.0</controlfield>
  <controlfield tag="008">210929b        |||||||| |||| 00| 0 eng d</controlfield>
  <datafield tag="040" ind1=" " ind2=" ">
    <subfield code="a">BD-DhSAU</subfield>
  </datafield>
  <datafield tag="082" ind1=" " ind2=" ">
    <subfield code="2">22</subfield>
    <subfield code="a">636.085</subfield>
    <subfield code="b">R124</subfield>
  </datafield>
  <datafield tag="100" ind1=" " ind2=" ">
    <subfield code="a">ISLAM, MD. RAFIQUL</subfield>
    <subfield code="e">Registration No.:# 16-07191</subfield>
  </datafield>
  <datafield tag="245" ind1=" " ind2=" ">
    <subfield code="a">Effect of black soldier fly larvae (bsfl) meal as
partial replacement to soybean meal with 
different doses of phytase enzyme on growth
performance and carcass traits of broiler chicken /
</subfield>
    <subfield code="b">Ms Thesis</subfield>
  </datafield>
  <datafield tag="260" ind1=" " ind2=" ">
    <subfield code="a">Sher-e-Bangla Agricultural University Dhaka 1207;</subfield>
    <subfield code="b">Department of Animal Nutrition Genetics and Breeding;</subfield>
    <subfield code="c">2024;</subfield>
  </datafield>
  <datafield tag="300" ind1=" " ind2=" ">
    <subfield code="a">ixv,  65p.;</subfield>
    <subfield code="c">30cm.;</subfield>
  </datafield>
  <datafield tag="500" ind1=" " ind2=" ">
    <subfield code="a">Including Index.;</subfield>
  </datafield>
  <datafield tag="590" ind1=" " ind2=" ">
    <subfield code="a">nazmul</subfield>
  </datafield>
  <datafield tag="650" ind1=" " ind2=" ">
    <subfield code="a">black soldier fly larvae (bsfl) meal </subfield>
  </datafield>
  <datafield tag="651" ind1=" " ind2=" ">
    <subfield code="a">soybean meal </subfield>
  </datafield>
  <datafield tag="654" ind1=" " ind2=" ">
    <subfield code="a">phytase enzyme </subfield>
  </datafield>
  <datafield tag="655" ind1=" " ind2=" ">
    <subfield code="a">carcass traits of broiler chicken</subfield>
  </datafield>
  <datafield tag="700" ind1=" " ind2=" ">
    <subfield code="a">Prof. Dr. Md. Mufazzal Hossain</subfield>
    <subfield code="e">Supervisor</subfield>
  </datafield>
  <datafield tag="710" ind1=" " ind2=" ">
    <subfield code="a">Prof. Md. Mahfuj Ullah Patoary</subfield>
    <subfield code="e">Co-Supervisor</subfield>
  </datafield>
  <datafield tag="856" ind1=" " ind2=" ">
    <subfield code="y">No</subfield>
  </datafield>
  <datafield tag="942" ind1=" " ind2=" ">
    <subfield code="2">ddc</subfield>
    <subfield code="c">THESIS</subfield>
  </datafield>
  <datafield tag="999" ind1=" " ind2=" ">
    <subfield code="c">18132</subfield>
    <subfield code="d">18131</subfield>
  </datafield>
  <datafield tag="952" ind1=" " ind2=" ">
    <subfield code="0">0</subfield>
    <subfield code="1">0</subfield>
    <subfield code="2">ddc</subfield>
    <subfield code="4">0</subfield>
    <subfield code="7">1</subfield>
    <subfield code="8">REF</subfield>
    <subfield code="a">BD-DhSAU</subfield>
    <subfield code="b">BD-DhSAU</subfield>
    <subfield code="d">2025-11-11</subfield>
    <subfield code="l">0</subfield>
    <subfield code="o">636.085 R124</subfield>
    <subfield code="p">46011</subfield>
    <subfield code="r">2025-11-11 00:00:00</subfield>
    <subfield code="w">2025-11-11</subfield>
    <subfield code="y">THESIS</subfield>
  </datafield>
</record>
